000
00339 a2200169 4500
001
176430
020
_a
040
_c
Magnum
100
_a
Puntel, Luiz
240
1
0
_a
O felino fidelis
_l
por
245
1
0
_a
O felino fidelis
300
_a
77
362
0
_a
1982
440
1
_a
Brasiliense
697
_a
LITERATURA JUVENIL
942
_c
BK
999
_c
176430
_d
176430